Wars Won by the PRC on a Map - Statistics

General Stats
  • This quiz has been taken 292 times
  • The average score is 4 of 8
Answers on the Map
Answers color-coded by a green-red scale on the quiz's map according to % correct below.
 
Answer Stats
Year(s) Military Conflict % Correct
1959 Tibetan Uprising
97%
1965-1969 Vietnam War
96%
1927-1949 (1950/1961) Chinese Civil War
70%
1960-1961 China-Burma border campaign
43%
1962 Sino-Indian War
31%
1974 Battle of the Paracel Islands
12%
1950 Battle of Chamdo
8%
2009-2016 Operation Ocean Shield
7%
No matching quizzes found
Score Distribution
Percent of People with Each Score
Percentile by Number Answered
Your Score History
You have not taken this quiz